000 01418cam a22002294a 4500
999 _c6019
_d6019
020 _a013188090X
020 _a0132203847
050 0 0 _aHF1017
_b.N48
100 1 _aNewbold, Paul.
245 1 0 _aStatistics for business and economics /
_cPaul Newbold, William L. Carlson, Betty M. Thorne.
250 _a6th ed.
260 _aUpper Saddle River, N.J. :
_bPearson Prentice Hall,
_cc2007.
300 _axxii, 984, I-8 p. :
_bill. ;
_c26 cm. +
_e1 CD-ROM (4 3/4 in.)
500 _aIncludes index
505 _aWhy Study Statistics? -- Describing Data: Graphical -- Describing Data: Numerical -- Probability -- Discrete Random Variables and Probability Distributions -- Continuous Random Variables and Probability Distributions -- Sampling and Sampling Distributions -- Estimation: Single Population -- Estimation: Additional Topics -- Hypothesis Testing -- Hypothesis Testing II -- Simple Regression -- Multiple Regression -- Additional Topics in Regression Analysis -- Nonparametric Statistics -- Goodness-of-fit Tests and Contingency Tables -- Analysis of Variance -- Introduction to Quality -- Time-Series Analysis and Forecasting -- Sampling: Additional Topics in Sampling -- Statistical Decision Theory.
650 0 _aCommercial statistics.
650 0 _aEconomics
_xStatistical methods.
650 0 _aStatistics.
700 1 _aCarlson, William L.
700 1 _aThorne, Betty.
942 _cBK